All Formula E Race Winners - Statistics

General Stats
  • This quiz has been taken 72 times
    26 since last reset
  • The average score is 17 of 24
Answer Stats
Wins Driver Nationality % Correct
5 Nyck de Vries Netherlands
100%
14 Sebastian Buemi Switzerland
96%
2 Nelson Piquet Jr Brazil
91%
13 Antonio Felix da Costa Portugal
87%
11 Jean Eric Vergne France
87%
13 Lucas di Grassi Brazil
87%
12 Sam Bird United Kingdom
87%
4 Stoffel Vandoorne Belgium
87%
13 Mitch Evans New Zealand
83%
7 Nick Cassidy New Zealand
83%
8 Pascal Wehrlein Germany
83%
7 Jake Dennis United Kingdom
74%
7 Oliver Rowland United Kingdom
74%
6 Edoardo Mortara Switzerland
70%
3 Nico Prost France
70%
3 Jerome d'Ambrosio Belgium
65%
2 Daniel Abt Germany
61%
3 Felix Rosenqvist Sweden
61%
2 Robin Frijns Netherlands
61%
7 Maximilian Gunther Germany
52%
1 Alexander Sims United Kingdom
39%
1 Alex Lynn United Kingdom
39%
1 Normal Nato France
35%
1 Dan Ticktum United Kingdom
4%
No matching quizzes found
Score Distribution
Percent of People with Each Score
Percentile by Number Answered
Your Score History
You have not taken this quiz since the last reset